<?xml version="1.0" encoding="UTF-8"?>
<record
    xmlns:xsi="http://www.w3.org/2001/XMLSchema-instance"
    xsi:schemaLocation="http://www.loc.gov/MARC21/slim http://www.loc.gov/standards/marcxml/schema/MARC21slim.xsd"
    xmlns="http://www.loc.gov/MARC21/slim">

  <leader>00892nam a22001817a 4500</leader>
  <controlfield tag="005">20241127130118.0</controlfield>
  <datafield tag="010" ind1=" " ind2=" ">
    <subfield code="a">HIN-128820</subfield>
  </datafield>
  <datafield tag="020" ind1=" " ind2=" ">
    <subfield code="a">9788196111663</subfield>
    <subfield code="c">450.00</subfield>
  </datafield>
  <datafield tag="035" ind1=" " ind2=" ">
    <subfield code="a">HN-101166</subfield>
  </datafield>
  <datafield tag="037" ind1=" " ind2=" ">
    <subfield code="b">DBAD</subfield>
  </datafield>
  <datafield tag="082" ind1=" " ind2=" ">
    <subfield code="a">330.954     </subfield>
  </datafield>
  <datafield tag="100" ind1=" " ind2=" ">
    <subfield code="a">&#x938;&#x91A;&#x94D;&#x91A;&#x93F;&#x926;&#x93E;&#x928;&#x902;&#x926; &#x92E;&#x93F;&#x936;&#x94D;&#x930;</subfield>
    <subfield code="9">74131</subfield>
  </datafield>
  <datafield tag="245" ind1=" " ind2=" ">
    <subfield code="a">&#x928;&#x930;&#x947;&#x928;&#x94D;&#x926;&#x94D;&#x930; &#x92E;&#x94B;&#x926;&#x940; &#x915;&#x93E; &#x930;&#x93E;&#x937;&#x94D;&#x91F;&#x94D;&#x930;&#x94B;&#x902;&#x92E;&#x941;&#x916;&#x940; &#x935;&#x93F;&#x915;&#x93E;&#x938; /</subfield>
    <subfield code="c">&#x938;&#x91A;&#x94D;&#x91A;&#x93F;&#x926;&#x93E;&#x928;&#x902;&#x926; &#x92E;&#x93F;&#x936;&#x94D;&#x930; &#x90F;&#x935;&#x902; &#x930;&#x91C;&#x928;&#x940;&#x915;&#x93E;&#x902;&#x924; &#x924;&#x93F;&#x935;&#x93E;&#x930;&#x940; </subfield>
  </datafield>
  <datafield tag="260" ind1=" " ind2=" ">
    <subfield code="a">&#x928;&#x908; &#x926;&#x93F;&#x932;&#x94D;&#x932;&#x940; </subfield>
    <subfield code="b">&#x92C;&#x930;&#x916;&#x93E; &#x92A;&#x92C;&#x94D;&#x932;&#x93F;&#x915;&#x947;&#x936;&#x928;&#x94D;&#x938;</subfield>
    <subfield code="c">2024</subfield>
  </datafield>
  <datafield tag="270" ind1=" " ind2=" ">
    <subfield code="a">111, &#x917;&#x932;&#x940; &#x928;&#x902;.4 &#x939;&#x930;&#x92B;&#x942;&#x932; &#x935;&#x93F;&#x939;&#x93E;&#x930; , &#x92C;&#x93E;&#x92A;&#x930;&#x94C;&#x932;&#x93E; ,</subfield>
    <subfield code="b">&#x928;&#x908; &#x926;&#x93F;&#x932;&#x94D;&#x932;&#x940; </subfield>
    <subfield code="e">110043</subfield>
  </datafield>
  <datafield tag="300" ind1=" " ind2=" ">
    <subfield code="a">144&#x92A;&#x943;.</subfield>
    <subfield code="c">22&#x938;&#x947;&#x92E;&#x940;(&#x938;&#x91C;&#x93F;&#x932;&#x94D;&#x926;)</subfield>
  </datafield>
  <datafield tag="942" ind1=" " ind2=" ">
    <subfield code="2">ddc</subfield>
    <subfield code="c">HN</subfield>
    <subfield code="h">330.954  </subfield>
    <subfield code="m">&#x938;&#x91A;&#x94D;&#x91A;&#x93F;&#x926;&#x93E;</subfield>
  </datafield>
  <datafield tag="999" ind1=" " ind2=" ">
    <subfield code="c">207071</subfield>
    <subfield code="d">207071</subfield>
  </datafield>
  <datafield tag="952" ind1=" " ind2=" ">
    <subfield code="0">0</subfield>
    <subfield code="1">0</subfield>
    <subfield code="4">0</subfield>
    <subfield code="7">0</subfield>
    <subfield code="8">NFIC</subfield>
    <subfield code="a">BN</subfield>
    <subfield code="b">BN</subfield>
    <subfield code="d">2024-11-27</subfield>
    <subfield code="e">DBAD</subfield>
    <subfield code="g">450.00</subfield>
    <subfield code="l">0</subfield>
    <subfield code="o">330.954   &#x938;&#x91A;&#x94D;&#x91A;&#x93F;&#x926;&#x93E;</subfield>
    <subfield code="p">HN-101166</subfield>
    <subfield code="r">2024-11-27 00:00:00</subfield>
    <subfield code="t"> 1</subfield>
    <subfield code="v">450.00</subfield>
    <subfield code="w">2024-11-27</subfield>
    <subfield code="y">HN</subfield>
  </datafield>
</record>
